Estimating price book (Record no. 106653)

MARC details
000 -LEADER
fixed length control field 01123cam a2200277 4500
001 - CONTROL NUMBER
control field L137128
008 - FIXED-LENGTH DATA ELEMENTS--GENERAL INFORMATION
fixed length control field 070315s2007 xxk f 000 0 eng d
020 ## - INTERNATIONAL STANDARD BOOK NUMBER
International Standard Book Number 9781904829508
035 ## - SYSTEM CONTROL NUMBER
System control number (Sirsi) u137128
041 0# - LANGUAGE CODE
Language code of text/sound track or separate title eng
050 04 - LIBRARY OF CONGRESS CALL NUMBER
Classification number 698.1028 $2 18
240 00 - UNIFORM TITLE
Uniform title BCIS Wessex painting and decorating price book
245 00 - TITLE STATEMENT
Title Estimating price book
Remainder of title painting and decorating
250 ## - EDITION STATEMENT
Edition statement 14th ed.
260 ## - PUBLICATION, DISTRIBUTION, ETC.
Place of publication, distribution, etc. Poole
Name of publisher, distributor, etc. BCIS Wessex
Date of publication, distribution, etc. 2007
300 ## - PHYSICAL DESCRIPTION
Extent Various pagings
Dimensions 19cm.
350 ## - PRICE (NR) (BK AM CF MU VM SE) [OBSOLETE]
Price £29
520 ## - SUMMARY, ETC.
Summary, etc. Provides guide prices for for painting and decoration in new buildings and for redecoration in existing properties. The rates are presented in the following sections: basic rates; new internal work; new external work; wall coverings; internal redecoration; external redecoration; and composite prices.
520 ## - SUMMARY, ETC.
Summary, etc. Superseded by 15th ed. (ISBN 9781904829690).
590 ## - LOCAL NOTE (RLIN)
Local note KA
651 #4 - SUBJECT ADDED ENTRY--GEOGRAPHIC NAME
Geographic name United Kingdom
Chronological subdivision
690 ## - LOCAL SUBJECT ADDED ENTRY--TOPICAL TERM (OCLC, RLIN)
Topical term or geographic name as entry element BUILT ENVIRONMENT-BUILDING MAINTENANCE AND REFURBISHMENT-MAINTENANCE COSTS
700 1# - ADDED ENTRY--PERSONAL NAME
Personal name Barnett, N.P.
710 1# - ADDED ENTRY--CORPORATE NAME
Corporate name or jurisdiction name as entry element Building Cost Information Service
Subordinate unit Wessex
942 ## - ADDED ENTRY ELEMENTS (KOHA)
Suppress in OPAC 0
Holdings
Withdrawn status Lost status Source of classification or shelving scheme Damaged status Not for loan Home library Current library Shelving location Date acquired Total Checkouts Full call number Barcode Date last seen Copy number Price effective from Koha item type
    Dewey Decimal Classification     London London RICS Boxes 27/03/2007   RICS 2007/06 30072209 06/08/2019 1 06/08/2019 Archive
    Dewey Decimal Classification     London London Basement 27/03/2007   698.1028 BUI 30072208 06/08/2019 1 06/08/2019 Reference material
    Dewey Decimal Classification     London London Books 27/03/2007   698.1028 BUI 30072210 06/08/2019 3 06/08/2019 Book